| 000 | 00506nam a2200181Ia 4500 | ||
|---|---|---|---|
| 005 | 20250508162038.0 | ||
| 008 | 008 250505s9999 xx 000 0 hin d | ||
| 037 | _aBooks to be hide in OPAC | ||
| 040 |
_aFEDL _beng _cFEDL |
||
| 041 |
_ahin _2eng |
||
| 084 |
_a370, IND/O _qFEDL |
||
| 245 | 0 | _aVarshik report 1979-80 | |
| 245 | 0 | _cIndia | |
| 260 |
_aNew Delhi, India _bShiksha Tatha Sanskriti Mantralaye _c1980 |
||
| 300 | _a187p. | ||
| 942 |
_cHB _h370, IND/O |
||
| 999 |
_c1374042 _d1374042 |
||